Les 20 pays les plus démocratiques - Statistiques

Statistiques générales
  • Ce quiz a été pris 236 fois
    152 depuis la dernière actualisation
  • Le résultat moyen est 15 sur 20
Statistiques - réponses
Score Pays % Correct
8,12 France
100%
8,68 Allemagne
95%
9,87 Norvège
94%
9,22 Canada
93%
9,25 Finlande
93%
9,39 Suède
93%
8,29 Espagne
90%
9,22 Danemark
89%
9,03 Suisse
89%
9,01 Pays-Bas
84%
9,09 Australie
83%
8,52 Royaume-Uni
80%
9,24 Irlande
79%
9,58 Islande
79%
8,29 Autriche
75%
9,26 Nouvelle-Zélande
73%
8,81 Luxembourg
71%
8,13 Costa Rica
22%
8,38 Uruguay
17%
8,22 Maurice
13%
Aucun quiz correspondant
Distribution des résultats
% des personnes avec chaque résultat
Percentile par nombre de réponses
Votre historique - résultats
Vous n’avez pas pris ce quiz depuis la dernière actualisation